Light Alloys (Record no. 614955)

000 -LEADER
fixed length control field 00352nam a22001457a 4500
020 ## - INTERNATIONAL STANDARD BOOK NUMBER
International Standard Book Number 978-0-08-099431-4
040 ## - CATALOGING SOURCE
Transcribing agency Elsevier
082 ## - DEWEY DECIMAL CLASSIFICATION NUMBER
Classification number 669.72
Author Mark P7621 L
100 ## - MAIN ENTRY--PERSONAL NAME
Personal name Lan Polmear
9 (RLIN) 130773
245 ## - TITLE STATEMENT
Title Light Alloys
Remainder of title Metallurgy of the Light Metals
250 ## - EDITION STATEMENT
Edition statement 5th ed.
260 ## - PUBLICATION, DISTRIBUTION, ETC.
Place of publication, distribution, etc. UK
Name of publisher, distributor, etc. Elsevier
Date of publication, distribution, etc. 2017
300 ## - PHYSICAL DESCRIPTION
Extent 525p.
942 ## - ADDED ENTRY ELEMENTS (KOHA)
Source of classification or shelving scheme
Koha item type Reference
Holdings
Withdrawn status Lost status Source of classification or shelving scheme Damaged status Not for loan Permanent Location Current Location Date acquired Total Checkouts Full call number Barcode Date last seen Date last checked out Price effective from Koha item type
          School of Chemical & Materials Engineering (SCME) School of Chemical & Materials Engineering (SCME) 09/29/2025 1 669.72 P7621 L SCME-4874 02/27/2026 02/03/2026 09/29/2025 Book
© 2023 Central Library, National University of Sciences and Technology. All Rights Reserved.